Giáo trình điện đại cương; T1

সংরক্ষণ করুন:
গ্রন্থ-পঞ্জীর বিবরন
প্রধান লেখক: Vũ Thanh Khiết
বিন্যাস: গ্রন্থ
ভাষা:Undetermined
প্রকাশিত: Hà Nội Giáo dục 1982
বিষয়গুলি:
ট্যাগগুলো: ট্যাগ যুক্ত করুন
কোনো ট্যাগ নেই, প্রথমজন হিসাবে ট্যাগ করুন!
Thư viện lưu trữ: Trung tâm Học liệu Trường Đại học Cần Thơ
LEADER 00577nam a2200181Ia 4500
001 CTU_40443
008 210402s9999 xx 000 0 und d
082 |a 537 
082 |b Kh308/T1/1982 
100 |a Vũ Thanh Khiết 
245 0 |a Giáo trình điện đại cương; T1 
245 0 |c Vũ Thanh Khiết, Nguyễn Thế Khôi, Vũ Ngọc Hồng 
260 |a Hà Nội 
260 |b Giáo dục 
260 |c 1982 
650 |a electricity 
904 |i Nguyễn Quang Điền, 010313 
980 |a Trung tâm Học liệu Trường Đại học Cần Thơ